Labour laws : (Record no. 136913)

MARC details
000 -LEADER
fixed length control field 00663nam a2200217 4500
010 ## - LIBRARY OF CONGRESS CONTROL NUMBER
LC control number B-167903
020 ## - INTERNATIONAL STANDARD BOOK NUMBER
International Standard Book Number 8175344911
Terms of availability 165.00
035 ## - SYSTEM CONTROL NUMBER
System control number B-167903
037 ## - SOURCE OF ACQUISITION
Source of stock number/acquisition Cen Lib / Ret
040 ## - CATALOGING SOURCE
Original cataloging agency DPL
Language of cataloging En
082 ## - DEWEY DECIMAL CLASSIFICATION NUMBER
Classification number 344.01
Item number KUM
100 ## - MAIN ENTRY--PERSONAL NAME
Personal name Kumar, H. L
245 ## - TITLE STATEMENT
Title Labour laws :
Remainder of title everybody should know /
Statement of responsibility, etc by H. L. Kumar
250 ## - EDITION STATEMENT
Edition statement 3rd ed
260 ## - PUBLICATION, DISTRIBUTION, ETC. (IMPRINT)
Place of publication, distribution, etc New Delhi
Name of publisher, distributor, etc Universal Law Publishing Ltd
Date of publication, distribution, etc 2006
270 ## - ADDRESS
Address C-FF-1A, Dilkhush Industral Estate
City New Delhi
300 ## - PHYSICAL DESCRIPTION
Extent xxi, 304p ;
Other physical details 24cm(PBK)
650 ## - SUBJECT ADDED ENTRY--TOPICAL TERM
Topical term or geographic name as entry element Labor laws and legislation
650 ## - SUBJECT ADDED ENTRY--TOPICAL TERM
Topical term or geographic name as entry element Labor laws and legislation -- India
942 ## - ADDED ENTRY ELEMENTS (KOHA)
Source of classification or shelving scheme Dewey Decimal Classification
Koha item type English Books
Classification part 344.01
Call number suffix KUM
Holdings
Withdrawn status Lost status Damaged status Not for loan Home library Current library Date acquired Source of acquisition Cost, normal purchase price Total Checkouts Full call number Barcode Date last seen Date checked out Copy number Cost, replacement price Price effective from Koha item type
        Central Library Central Library 11/03/2016 Cen Lib/Ret 165.00 1 344.01 KUM B-167903 18/02/2023 18/02/2023 1 165.00 11/03/2016 English Books

© Delhi Public Library
Hit Counter
free hit counter